000 00694nmm a2200205Ia 4500
008 251105s9999||||xx |||||||||||||||||und||
020 _a9789585980600
041 _aspa
100 _aBustamante Arce, Beatriz Eugenia
245 0 _aPerspectivas turísticas del Huila
264 _a[Bogotá, Colombia] :
_bCorporación Universitaria del Huila - CORHUILA,
_c2017
300 _a150 páginas
700 _aBustamante Arce, Beatriz Eugenia
700 1 _a Polo Paredes, Diego Alberto
700 1 _a Rojas Ruiz, Martha Isabel
700 1 _a Siñeríz Álvarez, María
700 1 _a Medina Rivas, Augusto Fernando
856 _uhttps://public.digitaliapublishing.com/a/159107
942 _cCF
999 _c63227
_d63227